Name a Valid Musical Act - Statistics

General Stats
  • This quiz has been taken 349 times
  • The average score is 7 of 12
Answer Stats
Hint Answer % Correct
Has a song with at least 3 billion views on YouTube Luis Fonsi | Daddy Yankee | Ed Sheeran | Wiz Khalifa | Charlie Puth | Mark Ronson | Bruno Mars | PSY | Justin Bieber | Maroon 5 | Katy Perry
80%
Released an album that sold at least 20 million units in the US Michael Jackson | Eagles | Billy Joel | Led Zeppelin | Pink Floyd | AC/DC | Garth Brooks | Fleetwood Mac | Shania Twain
78%
Recorded "Walk This Way" Aerosmith | Run-DMC
74%
Was part of the first Rock and Roll Hall of Fame class Chuck Berry | James Brown | Ray Charles | Sam Cooke | Fats Domino | The Everly Brothers | Buddy Holly | Jerry Lee Lewis | Little Richard | Elvis Presley
72%
Major bands Dave Grohl has recorded albums with Nirvana | Foo Fighters | Queens of the Stone Age | Them Crooked Vultures
72%
Performed at a Super Bowl halftime show from 2016-2020 Lady Gaga | Justin Timberlake | Maroon 5 | Travis Scott | Big Boi | Jennifer Lopez | Shakira
67%
One of the "Big Four" of thrash metal Metallica | Slayer | Megadeth | Anthrax
61%
Had at least 4 singles reach Billboard Number 1 from the same album Michael Jackson | Katy Perry | Whitney Houston | George Michael | Paula Abdul | Janet Jackson | Mariah Carey | Usher
59%
Won Multiple Grammy Records of the Year Billie Eilish | Adele | U2 | Simon & Garfunkel | Eric Clapton | Roberta Flack | The 5th Dimension | Henry Mancini
44%
Was featured on Drake's "Forever" Kanye West | Lil Wayne | Eminem
25%
Bands where Crosby, Stills, and Nash came from The Byrds | Buffalo Springfield | The Hollies
24%
Recorded one of the Top 10 Hot Rock Songs of the 2010s according to Billboard Imagine Dragons | Panic! At The Disco | The Lumineers | Twenty One Pilots | Walk the Moon | Portugal. The Man
15%
No matching quizzes found
Score Distribution
Percent of People with Each Score
Percentile by Number Answered
Your Score History
You have not taken this quiz